Online
Catalog

Cacao : (Record no. 2060)

MARC details
000 -CABECERA
campo de control de longitud fija 02079nam a2200349 i 4500
001 - NÚMERO DE CONTROL
campo de control 000002212
003 - IDENTIFICADOR DEL NÚMERO DE CONTROL
campo de control DO-SdBNP
005 - FECHA Y HORA DE LA ÚLTIMA TRANSACCIÓN
campo de control 20250529130320.0
007 - CAMPO FIJO DE DESCRIPCIÓN FÍSICA--INFORMACIÓN GENERAL
campo de control de longitud fija ta
008 - DATOS DE LONGITUD FIJA--INFORMACIÓN GENERAL
campo de control de longitud fija 090701s2004 dr abd r 000 0 spa d
040 ## - FUENTE DE LA CATALOGACIÓN
Centro catalogador/agencia de origen DO-SdBNP
Lengua de catalogación spa
Centro/agencia transcriptor BNPHU
Normas de descripción rda
041 ## - CÓDIGO DE LENGUA
Código de lengua del texto/banda sonora o título independiente spa
082 #4 - NÚMERO DE LA CLASIFICACIÓN DECIMAL DEWEY
Número de clasificación 633.74
Número de documento/Ítem R426c
Número de edición 22
110 2# - ENTRADA PRINCIPAL--NOMBRE DE ENTIDAD CORPORATIVA
Nombre de entidad corporativa o nombre de jurisdicción como elemento de entrada República Dominicana.
Unidad subordinada Instituto Dominicano de Investigaciones Agropecuarias y Forestales
9 (RLIN) 6512
245 10 - MENCIÓN DE TÍTULO
Título Cacao :
Resto del título resultados de la investigación /
Mención de responsabilidad, etc. presentación, Ángel Castillo.
246 10 - FORMA VARIANTE DE TÍTULO
Título propio/Titulo breve Resultados de investigación
Fecha o designación secuencial Febrero 2004
264 #1 - PRODUCCIÓN, PUBLICACIÓN, DISTRIBUCIÓN, FABRICACIÓN Y COPYRIGHT
Producción, publicación, distribución, fabricación y copyright Santo Domingo :
Nombre del de productor, editor, distribuidor, fabricante IDIAF,
Fecha de producción, publicación, distribución, fabricación o copyright 2004.
300 ## - DESCRIPCIÓN FÍSICA
Extensión 69 páginas :
Otras características físicas ilustraciones, diagramas mapas ;
Dimensiones 23 cm.
336 ## - TIPO DE CONTENIDO
Término de tipo de contenido texto
Código de tipo de contenido txt
Fuente rdacontent
337 ## - TIPO DE MEDIO
Nombre/término del tipo de medio sin mediación
Código del tipo de medio n
Fuente rdamedia
338 ## - TIPO DE SOPORTE
Nombre/término del tipo de soporte volumen
Código del tipo de soporte nc
Fuente rdacarrier
500 ## - NOTA GENERAL
Nota general Título tomado de la cubierta.
500 ## - NOTA GENERAL
Nota general Incluye referencias bibliográficas al final de cada capítulo.
505 0# - NOTA DE CONTENIDO CON FORMATO
Nota de contenido con formato Selección de árboles de cacao (Theobroma cacao) nativo e híbrido de buena calidad y rendimiento -- Madurez de las mazorcas y posición de las semillas en la germinación y desarrollo de las plántulas de cacao (Theobroma cacao) -- Evaluación de sustratos en el enraizamiento de estacas de cacao (Theobroma cacao) -- Frecuencia de riego y niveles de fertilización en el desarrollo de plántulas de cacao (Theobroma cacao) -- Evaluación de materiales orgánicos para el control de ratas -- Alternativas de manejo de la maleza mano poderosa (Symgonium podophylum) en el cultivo de cacao -- Evaluación de la calidad del cacao (Theobroma cacao) en tres métodos de fermentación -- Contenido de metales pesados tóxicos (níquel, plomo, cobre, cadmio y manganeso) en el cacao de la provincia Monseñor Nouel.
590 ## - NOTA LOCAL (RLIN)
Nota local Inventariado, 2018/BT
650 #4 - PUNTO DE ACCESO ADICIONAL DE MATERIA--TÉRMINO DE MATERIA
Término de materia o nombre geográfico como elemento de entrada Cacao
Subdivisión general Cultivo
Subdivisión geográfica República Dominicana
9 (RLIN) 6513
650 #4 - PUNTO DE ACCESO ADICIONAL DE MATERIA--TÉRMINO DE MATERIA
Término de materia o nombre geográfico como elemento de entrada Investigación agrícola
Subdivisión geográfica República Dominicana
9 (RLIN) 126
650 #4 - PUNTO DE ACCESO ADICIONAL DE MATERIA--TÉRMINO DE MATERIA
Término de materia o nombre geográfico como elemento de entrada Agricultura
Subdivisión geográfica República Dominicana
9 (RLIN) 1568
700 1# - PUNTO DE ACCESO ADICIONAL--NOMBRE DE PERSONA
Nombre de persona Castillo, Ángel
9 (RLIN) 7078
910 ## - DATOS DE OPCIÓN DEL USUARIO (OCLC)
Datos de opción del usuario Jornada de catalogación
942 ## - ELEMENTOS DE PUNTO DE ACCESO ADICIONAL (KOHA)
Fuente del sistema de clasificación o colocación Dewey Decimal Classification
Tipo de ítem Koha Libro
Holdings
Estado de retiro Estado de pérdida Fuente del sistema de clasificación o colocación Restricciones de uso No para préstamo Código de colección Localización permanente Ubicación/localización actual Ubicación en estantería Fecha de adquisición Total de préstamos Signatura topográfica completa Código de barras Fecha visto por última vez Número de copia Precio válido a partir de Tipo de ítem Koha
    Dewey Decimal Classification Préstamo en sala   Dominicana de Servicio Dominicana Biblioteca Nacional Pedro Henríquez Ureña Depósito 21.10.2013   BNPHU PD 633.74 R426c 2212-40 25.06.2020 e. 3 25.06.2020 Libro
    Dewey Decimal Classification Préstamo en sala   Dominicana de Servicio Biblioteca Nacional Pedro Henríquez Ureña Biblioteca Nacional Pedro Henríquez Ureña Depósito 14.03.2014   BNPHU DS 633.74 R426c 2212-50 25.06.2020 e. 4 25.06.2020 Libro
    Dewey Decimal Classification Excluido de préstamo   Patrimonio Dominicano Biblioteca Nacional Pedro Henríquez Ureña Biblioteca Nacional Pedro Henríquez Ureña Depósito 02.07.2009   BNPHU PD 633.74 R426c 2212-10 25.06.2020   25.06.2020 Libro
    Dewey Decimal Classification Excluido de préstamo   Patrimonio Dominicano Biblioteca Nacional Pedro Henríquez Ureña Biblioteca Nacional Pedro Henríquez Ureña Depósito 02.07.2009   BNPHU PD 633.74 R426c 2212-20 25.06.2020 e. 2 25.06.2020 Libro

Powered by Koha